| 000 | 00654nam a22002057a 4500 | ||
|---|---|---|---|
| 003 | OSt | ||
| 005 | 20251117164828.0 | ||
| 008 | 251117b |||||||| |||| 00| 0 eng d | ||
| 020 | _a0-314-09626-4. | ||
| 040 |
_aDWCL-Main lib _cOC |
||
| 082 |
_22nd ed. _aCirc. 658.3 N332o 1997 |
||
| 100 | _aDebra L. Nelson | ||
| 245 |
_aOrganizational behavior : _bfoundations, realities and challenges/ _cDebra L. Nelson |
||
| 260 |
_aN. Y. : _bWest Publishing Company, _cc1997. |
||
| 300 |
_avarious paging : _bill. ; _c24 cm. |
||
| 504 | _aIncludes index. | ||
| 650 | _aOrganizational behavior. | ||
| 700 | _aJames C. Quick | ||
| 942 |
_2ddc _cBK-CIRC _e2nd ed. _kCirc. _n0 |
||
| 999 |
_c5737 _d5737 |
||